Cosmic ray, particle, and astroparticle physics : a conference in honour of Giuseppe Occhialini, Bruno Pontecorvo and Bruno Rossi (Florence, 11-13 September 1995) /

Saved in:
Bibliographic Details
Corporate Author: Accademia nazionale dei Lincei.
Other Authors: Bonetti, A., Guidi, I., Monteleoni, B.
Format: Book
Language:English
Published: Roma : Accademia Nazionale dei Lincei, 1997.
Series:Atti dei convegni lincei ; 133.
Subjects:
Tags: Add Tag
No Tags, Be the first to tag this record!
LEADER 01251cam a2200337Ia 4500
001 007729367-3
005 20031223141700.0
008 980421s1997 it a b 000 0 eng
010 |a  98141495  
035 0 |a ocm52464678 
040 |a DLC  |c DLC  |d HLS 
050 4 |a QB460  |b .C676 1997 
090 |a QB460  |b .C676 1997 
245 0 0 |a Cosmic ray, particle, and astroparticle physics :  |b a conference in honour of Giuseppe Occhialini, Bruno Pontecorvo and Bruno Rossi (Florence, 11-13 September 1995) /  |c edited by A. Bonetti, I. Guidi, B. Monteleoni. 
260 |a Roma :  |b Accademia Nazionale dei Lincei,  |c 1997. 
300 |a xxvi, 336 p. :  |b ill. ;  |c 26 cm. 
490 1 |a Atti dei convegni lincei,  |x 0391-805X ;  |v 133 
504 |a Includes bibliographical references. 
600 1 0 |a Occhialini, Giuseppe. 
600 1 0 |a Pontekorvo, B.  |q (Bruno),  |d 1913- 
600 1 0 |a Rossi, Bruno Benedetto,  |d 1905- 
650 0 |a Astrophysics  |v Congresses. 
650 0 |a Particles (Nuclear physics)  |v Congresses. 
650 0 |a Cosmic rays  |v Congresses. 
700 1 |a Bonetti, A. 
700 1 |a Guidi, I. 
700 1 |a Monteleoni, B. 
710 2 |a Accademia nazionale dei Lincei. 
830 0 |a Atti dei convegni lincei ;  |v 133.  |x 0391-805X 
988 |a 20031223 
906 |0 DLC